Quizzes
Events
Quiz Creation
Community
Videos
Private Events
Remove Ads
Sign In
Join for FREE
Feedback
Dark Mode
Quiz Categories
Sports
Geography
Music
Movies
Television
Just For Fun
Miscellaneous
History
Literature
Language
Science
Gaming
Entertainment
Religion
Holiday
For Kids
Quiz Lab
Recent
Popular Today
Quiz Kudos Today
Editor Picks
Curator Picks
Quizzes by...
Day
Popularity
Type
Ratings
Length
Year
Community
Subscriptions
Recent Discussions
Orange Saloon
Badges
Playlists
Quests
Create
Leaderboards
Showdown
Live 5
Trivia Bingo
Activity
Puzzle Library
Sporcle Events
Private Events
Virtual Trivia
Globe League
Become a Host
Pub Owners
SporcleCon
Opinionation
Our Games
Videos
Blog
Mobile Apps
Partnerships
Remove Ads and Go Orange
Feedback
History
US Presidents
World Leaders
Politics
Nation
Discovery
War
Decade
Year
Century
Biography
Art
History
US Presidents
World Leaders
Politics
Nation
Discovery
War
Decade
Year
Century
Biography
Art
Random Quiz
Search Sporcle
×
Quiz Lab
Quiz Lab
History
War
Type in answers that appear in a list
Type in answers that appear in a list
Classic
Best Score? Go Orange.
Military ranks of the Soviet Union Stats
Can you name the military ranks of the Soviet Union?
By
popestcyril
20m
66 Questions
250 Plays
250 Plays
250 Plays
Comments
Comments
Give Quiz Kudos
Give Quiz Kudos
-
- Ratings
hide this ad
More Info
Replay
Link that replays current quiz
Next Quiz
Link to next quiz in quiz playlist
You Got
0%
They Got
Avg Score
38%
Avg Friend Score
Upgrade to see
Score Distribution
Jump to the score distribution portion of the page
Score
0/66
Timer
20:00
0
Plays Today
general description
Rank
% Correct
Army; Senior or Field Grade Officer
Polkovnik
80%
Army; Junior or Company Grade Officer
Lieutenant
76%
Navy; Junior or Company Grade Officer
Lieutenant
76%
Army; Senior or Field Grade Officer
Major
74.4%
Army; Soldier
Private
74.4%
Army; Sergeant
Sergeant
74%
Army; Junior or Company Grade Officer
Captain
73.2%
Army; General or Supreme Officer
Major General
61.2%
Army; General or Supreme Officer
Lieutenant General
59.6%
Navy; General or Supreme Officer
Admiral
57.2%
Army; General Officer; In practice the highest rank
Marshal of the Soviet Union
55.2%
Army; General or Supreme Officer
Polkovnik General
54%
Navy; Seaman
Matrose
52.4%
Army; General or Supreme Officer
General of the Army
45.6%
Navy; General or Supreme Officer
Vice Admiral
43.6%
Army; Junior or Company Grade Officer
Junior Lieutenant
43.2%
Navy; Junior or Company Grade Officer
Junior Lieutenant
43.2%
Army; Junior or Company Grade Officer
Senior Lieutenant
42.4%
Navy; Junior or Company Grade Officer
Senior Lieutenant
42.4%
Army; Sergeant
Junior Sergeant
40.4%
Army; Senior or Field Grade Officer
Podpolkovnik
40%
Army; Sergeant
Senior Sergeant
40%
Army; Sergeant
Starshina
39.6%
Navy; General or Supreme Officer
Admiral of the Fleet
38.4%
Army; Under-
Officer or Master non-
commissioned officer
Praporshchik
35.2%
Navy; Seaman
Senior Matrose
34%
Navy; Senior or Field Grade Officer
Captain, 3rd rank
33.6%
Navy; Senior or Field Grade Officer
Captain, 2nd rank
33.2%
Navy; Senior or Field Grade Officer
Captain, 1st rank
32.8%
Highest rank in Soviet Military
Generalissimo of the Soviet Union
32.4%
Army; Under-
Officer or Master non-
commissioned officer
Senior Praporshchik
32.4%
Navy; Junior or Company Grade Officer
Captain-Lieutenant
32.4%
Army; Soldier
Gefreiter
31.6%
general description
Rank
% Correct
Navy; Under-
Officers or Master non-
commissioned officers
Midshipman
31.6%
Navy; General or Supreme Officer
Counter Admiral
30.8%
Army; Under-
Officer or Master non-
commissioned officer
Podpraporshchik
30.4%
AF; General or Supreme Officer
Lieutenant General of aviation
30%
AF; General or Supreme Officer
Major General of aviation
30%
AF; Senior or Field Grade Officer
Major of aviation
30%
AF; Airman
Private of aviation
30%
Navy; General or Supreme Officer; In practice the highest rank
Admiral of the Fleet of the Soviet Union
30%
AF; General or Supreme Officer
Polkovnik General of aviation
29.6%
AF; Junior or Company Grade Officer
Captain of aviation
29.6%
AF; Sergeant
Sergeant of aviation
29.6%
AF; General or Supreme Officer
Marshal of aviation
29.2%
AF; Junior or Company Grade Officer
Lieutenant of aviation
29.2%
AF; Senior or Field Grade Officer
Polkovnik of aviation
28.8%
AF; Junior or Company Grade Officer
Senior Lieutenant of aviation
28.8%
AF; Junior or Company Grade Officer
Junior Lieutenant of aviation
28.8%
AF; Sergeant
Senior Sergeant of aviation
28.8%
AF; Sergeant
Junior Sergeant of aviation
28.8%
Navy; Petty Officers
Chief Starshina
28.8%
AF; Sergeant
Starshina of aviation
28.4%
Navy; Petty Officers
Chief Ship Starshina
28.4%
Navy; Petty Officers
Starshina, 2nd class
28.4%
AF; General Officer; In practice the highest rank
Chief Marshal of aviation of the Soviet Union
28%
AF; Senior or Field Grade Officer
Podpolkovnik of aviation
28%
AF; Under-
Officer or Master non-
commissioned officer
Senior Praporshchik of aviation
28%
AF; Under-
Officer or Master non-
commissioned officer
Praporshchik of aviation
28%
Navy; Petty Officers
Starshina, 1st class
27.6%
AF; Under-
Officer or Master non-
commissioned officer
Podpraporshchik of aviation
26.8%
AF; Airman
Gefreiter of aviation
26.8%
Navy; Under-
Officers or Master non-
commissioned officers
Senior Midshipman
26.8%
Navy; Under-
Officers or Master non-
commissioned officers
Bootsmann
26.8%
AF; Airman
Lyotchik of aviation
25.2%
AF; Airman
Senior Lyotchik of aviation
24.4%
Quiz Playlist
Details
Report
Send in Message
Add To Playlist
More Info:
A HINT to help you: Air Force ranks always have "of aviation" in their title.
Classic:
Type in answers that appear in a list
Quiz Source
Last Updated: Feb 16, 2017
Quiz Scoreboard
CHALLENGE
Sign Up to Join the Scoreboard
Show All
Scores
Hide
Comments
May contain spoilers
Recently Published
An Introduction to Baseball
by treessimontrees
Sports
5m
Movies - When Are They Set?
by FPL_Elf
Movies
5m
Popular People in 1961
by mucciniale
History
6m
More to Explore
Quiz From the Vault
Featured Blog Post
Where Did the Easter Bunny Come From?
hide this ad
You Might Also Like...
Tags
War Quiz
description
Hopefully
Military
Soviet Union
union
Today's Top Quizzes in History
Browse History
hide this ad
Today's Top Quizzes in War
Browse War
Top Contributed Quizzes in History
1
Popular People in 1991
2
Popular People in 1981
3
Popular People in 1951
4
Popular People in 1941
5
Popular People in 1986
6
Popular People in 1976
7
Popular People in 1921
8
I Am Born On March 28th
9
Popular People in 1946
10
Popular People in 1936
Explore More
Trending Topics
Crossword
Anime
Disney
Kpop
NBA
Marvel
Harry Potter
Country
Puzzle
The Office
WWE
NFL
Soccer
Pokémon
Song
hide this ad
More By:
popestcyril
Quiz
Plays
Rating
Category
Featured
Created
Fictional Characters by Description
113,657
4.57
Literature
Aug 8, 2013
Body Language
110,220
4.59
Language
Jun 5, 2013
Countries From Three Sites: Europe
106,629
4.36
Geography
Dec 11, 2014
Mountainous Match Game
92,524
4.51
Geography
Apr 28, 2012
Bodies of Water by Description
78,747
4.35
Geography
May 3, 2012
Go to Creator's Profile
Score Distribution
Quiz Creator Spotlight
popestcyril
Follow
Send a Message
Quizzes Created
-
Created Quiz Play Count
-
More By This Creator
Popular Quizzes Today
1
Find the Countries of Europe - No Outlines Minefield
2
Find the US States - No Outlines Minefield
3
The Countries of the World
4
Popular People in 1961
5
US States
6
1-10 Letter E Words III
7
Find the US States
8
Risky Map Clicking: Biggest States A-Z
More History Quizzes
Multiple Olympic Cities
Published
Trending Quizzes
Risky Map Clicking: Least Populous States A-Z
1-10 Letter F Words
1-10 Letter G Words
One Thing in Common: United Kingdom
Risky Map Clicking: Next State Alphabetically
Recently Updated
Leaping Animals
pecheneg
Reality TV Shows (A-Z)
bhenderson79
Rickey Henderson's Hall of Fame Teammates
pecheneg
Champions League XIs: Arsenal
pecheneg
Quick Pick: Celebrities in WWE's Hall of Fame
aduchscher
A-Z Keypad Blitz II
pecheneg
Multiple Oscar Actors
pecheneg
Mystery Phrase Blitz: Oscar 'Best Actors'
pecheneg
F. Scott Fitzgerald Novels
LTH
Pick 3 Villains
ddd62291
Trending Topics
Disney
Kpop
Marvel
NBA
Crossword
Harry Potter
Anime
Pokémon
Puzzle
The Office
WWE
NFL
Country
Song
Soccer
Your Account Isn't Verified!
In order to create a playlist on Sporcle, you need to verify the email address you used during registration. Go to your
Sporcle Settings
to finish the process.
Report this User
Report this user for behavior that violates our
Community Guidelines
.
Details:
Send Report
Go to the Sporcle.com Mobile Site →
Comments